000 00558nam a2200193 a 4500
005 20210223124850.0
008 030311s1999 mx r 000 0 spa d
020 _a8483320533 (v.2)
035 _aUPN01000122772
049 _aC
050 4 _aPC4645 P6
_bD5.3
245 0 0 _aDicionário Geral :
_bespañol-portugués.
260 _aPortugal :
_bVOX,
_c1999.
300 _a2 v.
500 _aLa biblioteca tiene el v.2.
650 4 _aESPAÑOL -
_vDICCIONARIOS -
_xPORTUGUES
_922776
650 4 _aPORTUGUES -
_vDICCIONARIOS -
_xESPAÑOL
_926119
905 _aLibro
999 _c94955
_d94955